[Event "Gatineau Feuille d'Erable U1600"]
[Site "Gatineau"]
[Date "2018.10.30"]
[Round "2"]
[White "Iyamuremye, Gervais"]
[Black "Simard, Paul"]
[Result "1-0"]
[WhiteElo "1472"]
[BlackElo "1167"]
[PlyCount "93"]
[EventDate "2018.10.23"]
[EventType "swiss"]
[EventRounds "5"]
[EventCountry "CAN"]
[SourceTitle "EXT 2022"]
[Source "ChessBase"]
[SourceDate "2021.10.06"]
[SourceVersion "1"]
[SourceVersionDate "2021.10.06"]
[SourceQuality "1"]

1. e4 e5 2. Nf3 d6 3. h3 Be7 4. b3 Nf6 5. Nc3 0-0 6. Bb2 c6 7. Be2 b5 8. a3 Nbd7 9. 0-0 a5 10. d3 Bb7 11. Nh2 Nc5 12. f4 exf4 13. Rxf4 Ne6 14. Rf1 Nd4 15. Na2 Qb6 16. Kh1 Nxe2 17. Qxe2 Rae8 18. Ng4 Nxg4 19. Qxg4 f6 20. Nc1 Qe3 21. Ne2 Bc8 22. Qf3 Qxf3 23. Rxf3 Rd8 24. Nd4 Bd7 25. Nf5 Bxf5 26. exf5 d5 27. a4 b4 28. Re1 Bc5 29. Re6 Bd6 30. Rfe3 Bf4 31. Re2 Rd6 32. Bd4 Rdd8 33. Rxc6 Rde8 34. Ree6 Rc8 35. Bc5 Rxc6 36. Rxc6 Re8 37. Re6 Kf7 38. Rxe8 Kxe8 39. Bb6 Bd2 40. Bxa5 Kd7 41. Bb6 Kd6 42. Kg1 Kc6 43. Bd4 Bc3 44. Bxc3 bxc3 45. Kf2 Kc5 46. Ke2 Kd4 47. b4 1-0

[Event "Gatineau Feuille d'Erable U1600"]
[Site "Gatineau"]
[Date "2018.10.23"]
[Round "1"]
[White "Arcand, Pierre"]
[Black "Iyamuremye, Gervais"]
[Result "0-1"]
[WhiteElo "1175"]
[BlackElo "1472"]
[PlyCount "78"]
[EventDate "2018.10.23"]
[EventType "swiss"]
[EventRounds "5"]
[EventCountry "CAN"]
[SourceTitle "EXT 2022"]
[Source "ChessBase"]
[SourceDate "2021.10.06"]
[SourceVersion "1"]
[SourceVersionDate "2021.10.06"]
[SourceQuality "1"]

1. e4 e5 2. Nf3 Nc6 3. Nc3 Bc5 4. Be2 d6 5. h3 Nf6 6. d3 h6 7. 0-0 0-0 8. a3 Nd4 9. Nxd4 Bxd4 10. Nb5 Bb6 11. b4 c6 12. Nc3 Bd4 13. Bb2 d5 14. Rb1 a5 15. exd5 axb4 16. axb4 Nxd5 17. Nxd5 Qxd5 18. c4 Qd7 19. Bxd4 Qxd4 20. Ra1 Bf5 21. Qb1 Rfd8 22. Rd1 b5 23. c5 f6 24. Bf3 Rxa1 25. Qxa1 Qxb4 26. Bxc6 Qxc5 27. Qa5 Rxd3 28. Qa8+ Kh7 29. Rxd3 Bxd3 30. Qc8 Qc1+ 31. Kh2 Qf4+ 32. Kg1 Bf5 33. Qb7 b4 34. g3 Qc1+ 35. Kg2 b3 36. Be4 Qg5 37. h4 Bxe4+ 38. Qxe4+ Qg6 39. Qe2 Qc2 0-1

[Event "Gatineau Rentree Hull U1500"]
[Site "Gatineau"]
[Date "2018.09.18"]
[Round "2"]
[White "Iyamuremye, Gervais"]
[Black "Sun, Roy"]
[Result "1-0"]
[WhiteElo "1475"]
[BlackElo "1252"]
[PlyCount "73"]
[EventDate "2018.09.11"]
[EventType "swiss"]
[EventRounds "5"]
[EventCountry "CAN"]
[SourceTitle "EXT 2022"]
[Source "ChessBase"]
[SourceDate "2021.10.06"]
[SourceVersion "1"]
[SourceVersionDate "2021.10.06"]
[SourceQuality "1"]

1. e4 e5 2. Nf3 Nf6 3. Nc3 Bc5 4. h3 c6 5. Bc4 d5 6. exd5 cxd5 7. Bb5+ Nc6 8. 0-0 0-0 9. Bxc6 bxc6 10. Nxe5 Qc7 11. d4 Bd6 12. Nf3 Ne4 13. Re1 Bf5 14. Nxe4 Bxe4 15. Nd2 Rae8 16. Nxe4 dxe4 17. c4 Bf4 18. b3 Re7 19. Qg4 e3 20. fxe3 Qa5 21. Qd1 Rfe8 22. Bd2 Qf5 23. exf4 Rxe1+ 24. Bxe1 Qxf4 25. Bf2 a5 26. d5 Rd8 27. Bb6 Rd7 28. Bxa5 cxd5 29. cxd5 Qe3+ 30. Kh1 Qe5 31. Qe1 Qb8 32. Rd1 h6 33. d6 Qa8 34. Bc7 Kh7 35. Qf2 g6 36. Re1 Qf8 37. Qf6 1-0

[Event "Gatineau Special Hiver Suisse"]
[Site "Gatineau"]
[Date "2018.02.27"]
[Round "4"]
[White "Tadros, Nicolas"]
[Black "Iyamuremye, Gervais"]
[Result "0-1"]
[WhiteElo "949"]
[BlackElo "1477"]
[PlyCount "122"]
[EventDate "2018.02.06"]
[EventType "swiss"]
[EventRounds "5"]
[EventCountry "CAN"]
[SourceTitle "EXT 2022"]
[Source "ChessBase"]
[SourceDate "2021.10.06"]
[SourceVersion "1"]
[SourceVersionDate "2021.10.06"]
[SourceQuality "1"]

1. e4 e5 2. Nf3 Nc6 3. d3 Nf6 4. Bg5 Be7 5. Nc3 h6 6. Bh4 d6 7. h3 d5 8. exd5 Nxd5 9. Bxe7 Ndxe7 10. Qd2 Nd4 11. Be2 Ng6 12. Nxd4 Qxd4 13. Qe3 Qxe3 14. fxe3 Be6 15. Bg4 Bxg4 16. hxg4 0-0-0 17. 0-0-0 f6 18. Rd2 c6 19. b4 Ne7 20. e4 Rd4 21. a3 Kb8 22. Rhd1 Ng6 23. Ne2 Rdd8 24. d4 Kc7 25. dxe5 Rxd2 26. Rxd2 Nxe5 27. Nd4 Rg8 28. Ne6+ Kc8 29. Nf4 Nxg4 30. Ng6 Re8 31. Rd4 Ne5 32. Nf4 Ng4 33. Kd2 Ne5 34. Ke3 Re7 35. c4 f5 36. a4 g5 37. Nh3 f4+ 38. Kd2 Rd7 39. Rxd7 Kxd7 40. Kc3 Kd6 41. Nf2 c5 42. bxc5+ Kxc5 43. Kb3 f3 44. gxf3 Nxf3 45. Nd3+ Kd4 46. Nf2 Ne5 47. Kb4 Nxc4 48. Ng4 a5+ 49. Kb5 h5 50. Nf6 h4 51. Nd5 h3 52. e5 Kxd5 53. e6 h2 54. e7 Nd6+ 55. Kxa5 h1Q 56. Kb6 Qc1 57. Ka7 g4 58. a5 g3 59. a6 bxa6 60. e8Q Nxe8 61. Ka8 Kc6 0-1

[Event "Gatineau Special Hiver Suisse"]
[Site "Gatineau"]
[Date "2018.02.13"]
[Round "2"]
[White "Iyamuremye, Gervais"]
[Black "Deng, Joyce"]
[Result "1-0"]
[WhiteElo "1477"]
[BlackElo "1037"]
[PlyCount "65"]
[EventDate "2018.02.06"]
[EventType "swiss"]
[EventRounds "5"]
[EventCountry "CAN"]
[SourceTitle "EXT 2022"]
[Source "ChessBase"]
[SourceDate "2021.10.06"]
[SourceVersion "1"]
[SourceVersionDate "2021.10.06"]
[SourceQuality "1"]

1. e4 e5 2. Nf3 Nc6 3. Nc3 Nf6 4. Bb5 a6 5. Ba4 d6 6. d3 Bd7 7. h3 h6 8. 0-0 Be7 9. Bb3 0-0 10. Nd5 Nxd5 11. Bxd5 Bf6 12. Nh2 Rb8 13. Qf3 Nd4 14. Qd1 Qe7 15. c3 Nc6 16. f4 Rfe8 17. Ng4 Bh4 18. fxe5 Nxe5 19. Nxe5 Be6 20. Bxe6 Qxe6 21. Nxf7 Rf8 22. Qh5 Bf6 23. Nxh6+ gxh6 24. Qg6+ Kh8 25. Qxh6+ Kg8 26. Bg5 Rf7 27. Rxf6 Rxf6 28. Qxf6 Qd7 29. Rf1 Qe8 30. Rf5 Rc8 31. Qe7 Qg6 32. h4 Re8 33. Rf6 1-0

[Event "Gatineau Pere Noel CEH-B"]
[Site "Gatineau"]
[Date "2017.12.12"]
[Round "2"]
[White "Iyamuremye, Gervais"]
[Black "Berthiaume, Serge"]
[Result "0-1"]
[WhiteElo "1492"]
[BlackElo "1455"]
[PlyCount "74"]
[EventDate "2017.12.05"]
[EventType "swiss"]
[EventRounds "6"]
[EventCountry "CAN"]
[SourceTitle "EXT 2022"]
[Source "ChessBase"]
[SourceDate "2021.10.06"]
[SourceVersion "1"]
[SourceVersionDate "2021.10.06"]
[SourceQuality "1"]

1. e4 c5 2. Nf3 Nc6 3. Nc3 d6 4. h3 g6 5. Bc4 Bg7 6. 0-0 Na5 7. Bb5+ Bd7 8. Qe2 a6 9. Bxd7+ Qxd7 10. d3 Nc6 11. Bf4 e5 12. Bg5 Nge7 13. a3 h6 14. Bxe7 Nxe7 15. Nd5 Nxd5 16. exd5 0-0 17. c4 Rae8 18. Qc2 b5 19. Rae1 bxc4 20. dxc4 a5 21. Nd2 Re7 22. Ne4 f5 23. Nc3 e4 24. Nb5 Be5 25. Qd2 Kh7 26. b3 Qd8 27. f3 exf3 28. Rxf3 Rfe8 29. Kf1 Rf7 30. b4 axb4 31. axb4 cxb4 32. Qxb4 Qb6 33. Rb3 Rfe7 34. Na3 Qd4 35. Rf3 Bh2 36. Rxe7+ Rxe7 37. Rf2 Qd3+ 0-1

[Event "Gatineau Pere Noel CEH-B"]
[Site "Gatineau"]
[Date "2017.12.05"]
[Round "1"]
[White "Legare, Gilles"]
[Black "Iyamuremye, Gervais"]
[Result "0-1"]
[WhiteElo "1064"]
[BlackElo "1492"]
[PlyCount "79"]
[EventDate "2017.12.05"]
[EventType "swiss"]
[EventRounds "6"]
[EventCountry "CAN"]
[SourceTitle "EXT 2022"]
[Source "ChessBase"]
[SourceDate "2021.10.06"]
[SourceVersion "1"]
[SourceVersionDate "2021.10.06"]
[SourceQuality "1"]

1. e4 e5 2. Nc3 Nf6 3. Nf3 Nc6 4. d3 h6 5. Be3 Bb4 6. Bd2 d6 7. Be2 Bg4 8. h3 Bh5 9. a3 Ba5 10. b4 Bb6 11. 0-0 Bxf3 12. Bxf3 Nd4 13. Nd5 Nxd5 14. exd5 Qf6 15. Be4 a5 16. c3 Nb5 17. a4 Na7 18. b5 0-0 19. Qh5 Rac8 20. Be3 Bxe3 21. fxe3 Qg5 22. Qf3 g6 23. Qe2 f5 24. Bf3 Rce8 25. Qd2 b6 26. Kh1 Nc8 27. Qf2 e4 28. h4 Qe7 29. Be2 exd3 30. Bf3 Qxe3 31. Qg3 Ne7 32. Rfe1 Qc5 33. Rec1 Kh7 34. c4 Ng8 35. Kh2 Qd4 36. Re1 Nf6 37. Re6 Rxe6 38. dxe6 Qxc4 39. e7 Re8 40. Re1 0-1

[Event "Outaouais-ch Reserve"]
[Site "Gatineau"]
[Date "2017.05.30"]
[Round "7"]
[White "Lemieux, Richard"]
[Black "Iyamuremye, Gervais"]
[Result "1-0"]
[WhiteElo "1473"]
[BlackElo "1454"]
[PlyCount "77"]
[EventDate "2017.04.18"]
[EventType "swiss"]
[EventRounds "7"]
[EventCountry "CAN"]
[SourceTitle "EXT 2022"]
[Source "ChessBase"]
[SourceDate "2021.10.06"]
[SourceVersion "1"]
[SourceVersionDate "2021.10.06"]
[SourceQuality "1"]

1. e4 e5 2. Nf3 Nc6 3. Bc4 Be7 4. d4 d6 5. d5 Na5 6. Bb5+ c6 7. dxc6 Nxc6 8. h3 Nf6 9. Nc3 a6 10. Be2 b5 11. a3 h6 12. 0-0 Bb7 13. Be3 0-0 14. Qd2 b4 15. axb4 Nxb4 16. Na4 a5 17. Nb6 Nxe4 18. Qc1 Rb8 19. Rxa5 Nc5 20. Bxc5 dxc5 21. Nc4 Bxf3 22. Bxf3 Qc7 23. Be4 f5 24. Bf3 e4 25. Bh5 Ra8 26. Rxa8 Rxa8 27. Bg6 Rf8 28. Rd1 Rf6 29. Be8 Nc6 30. Qa1 Ne5 31. Qa2 Kh7 32. Nxe5 Qxe5 33. Rd5 Qf4 34. Rd7 Rd6 35. Rxd6 Bxd6 36. g3 Qc1+ 37. Kg2 e3 38. Qe6 Qxc2 39. Bg6+ 1-0

[Event "Outaouais-ch Reserve"]
[Site "Gatineau"]
[Date "2017.05.23"]
[Round "6"]
[White "Iyamuremye, Gervais"]
[Black "Raymond, Daniel"]
[Result "1/2-1/2"]
[WhiteElo "1454"]
[BlackElo "1785"]
[PlyCount "69"]
[EventDate "2017.04.18"]
[EventType "swiss"]
[EventRounds "7"]
[EventCountry "CAN"]
[SourceTitle "EXT 2022"]
[Source "ChessBase"]
[SourceDate "2021.10.06"]
[SourceVersion "1"]
[SourceVersionDate "2021.10.06"]
[SourceQuality "1"]

1. e4 c5 2. Nf3 d6 3. h3 Nf6 4. Nc3 Nc6 5. Bb5 Bd7 6. d4 cxd4 7. Nxd4 g6 8. Nxc6 bxc6 9. Bc4 Bg7 10. 0-0 0-0 11. Re1 Ne8 12. Ne2 Qb6 13. Rb1 Nc7 14. b3 Be6 15. Bxe6 Nxe6 16. Be3 Qa5 17. a4 f5 18. Nd4 Nxd4 19. Bxd4 e5 20. Bb2 Qc5 21. b4 Qb6 22. exf5 Rxf5 23. Qd2 d5 24. a5 Qb5 25. g4 Rf3 26. Bxe5 Bxe5 27. Rxe5 Raf8 28. Rbe1 Rxh3 29. Re8 Rhf3 30. Rxf8+ Rxf8 31. Re7 Rf7 32. Qe1 Rxe7 33. Qxe7 a6 34. Qe8+ Kg7 35. Qe7+ 1/2-1/2

[Event "Gatineau Hiver-B"]
[Site "Gatineau"]
[Date "2017.02.28"]
[Round "5"]
[White "Iyamuremye, Gervais"]
[Black "Simard, Paul"]
[Result "1/2-1/2"]
[WhiteElo "1463"]
[BlackElo "1192"]
[PlyCount "90"]
[EventDate "2017.01.31"]
[EventType "swiss"]
[EventRounds "4"]
[EventCountry "CAN"]
[SourceTitle "EXT 2022"]
[Source "ChessBase"]
[SourceDate "2021.10.06"]
[SourceVersion "1"]
[SourceVersionDate "2021.10.06"]
[SourceQuality "1"]

1. e4 e5 2. Nf3 d6 3. h3 Be7 4. Nc3 Nf6 5. Bc4 0-0 6. d3 c6 7. 0-0 b5 8. Bb3 Bb7 9. a3 Nbd7 10. d4 Qc7 11. dxe5 dxe5 12. Bg5 h6 13. Bh4 Rad8 14. Qc1 Nc5 15. Re1 Nxb3 16. cxb3 a6 17. Qe3 Rfe8 18. Rad1 g5 19. Rxd8 Rxd8 20. Bg3 Nd7 21. Rd1 f6 22. Nd2 Nc5 23. h4 Ne6 24. hxg5 hxg5 25. Nf1 Kf7 26. Rxd8 Qxd8 27. Qd2 Qd4 28. Kh1 Bc8 29. f3 Qb6 30. Bf2 Bc5 31. Bxc5 Qxc5 32. Qe3 Qd4 33. b4 Qxe3 34. Nxe3 Nd4 35. Kg1 Be6 36. Kf2 Nb3 37. Ke2 Nd4+ 38. Kf2 Kg6 39. g4 Nb3 40. Ncd1 Nd2 41. Ke2 Nc4 42. Nxc4 Bxc4+ 43. Ke3 Bb3 44. Nf2 Be6 45. Nd3 Bc8 1/2-1/2

[Event "Gatineau Hiver-B"]
[Site "Gatineau"]
[Date "2017.01.31"]
[Round "1"]
[White "Arcand, Pierre"]
[Black "Iyamuremye, Gervais"]
[Result "1-0"]
[WhiteElo "1177"]
[BlackElo "1463"]
[PlyCount "61"]
[EventDate "2017.01.31"]
[EventType "swiss"]
[EventRounds "4"]
[EventCountry "CAN"]
[SourceTitle "EXT 2022"]
[Source "ChessBase"]
[SourceDate "2021.10.06"]
[SourceVersion "1"]
[SourceVersionDate "2021.10.06"]
[SourceQuality "1"]

1. e4 e5 2. Nf3 d6 3. Nc3 Nf6 4. d3 h6 5. Be2 Nc6 6. 0-0 Bg4 7. h3 Bh5 8. b3 Qd7 9. Bb2 g5 10. Nd2 Bxe2 11. Qxe2 Nd4 12. Qd1 h5 13. Nf3 g4 14. Nxd4 exd4 15. Nd5 Nxd5 16. Bxd4 Rg8 17. exd5 0-0-0 18. h4 Bg7 19. Bxg7 Rxg7 20. g3 f5 21. Qd2 Qf7 22. c4 Rf8 23. Qf4 Rgg8 24. Rfe1 Re8 25. Re3 Rxe3 26. fxe3 Qf6 27. d4 Re8 28. Rf1 Rf8 29. Rd1 Re8 30. Rf1 Re4 31. Qxe4 1-0

[Event "Gatineau Pere Noel-B"]
[Site "Gatineau"]
[Date "2016.12.13"]
[Round "2"]
[White "Iyamuremye, Gervais"]
[Black "Sabourin, Yves"]
[Result "1-0"]
[WhiteElo "1441"]
[BlackElo "1474"]
[PlyCount "85"]
[EventDate "2016.12.06"]
[EventType "swiss"]
[EventRounds "5"]
[EventCountry "CAN"]
[SourceTitle "EXT 2022"]
[Source "ChessBase"]
[SourceDate "2021.10.06"]
[SourceVersion "1"]
[SourceVersionDate "2021.10.06"]
[SourceQuality "1"]

1. e4 e6 2. d4 d5 3. e5 c5 4. c3 Nc6 5. Nf3 cxd4 6. cxd4 Nge7 7. g4 h5 8. gxh5 Rxh5 9. Bd3 Nf5 10. Nc3 g6 11. Bxf5 Rxf5 12. Be3 Be7 13. Qe2 Qb6 14. 0-0-0 Bd7 15. Ne1 0-0-0 16. Nc2 Kb8 17. Qb5 Qxb5 18. Nxb5 Rc8 19. Nc3 Nb4 20. f4 Nxc2 21. Kxc2 Ba4+ 22. b3 Bb4 23. Bd2 Bb5 24. h4 Bxc3 25. Bxc3 Rxf4 26. h5 Rf2+ 27. Rd2 Rxd2+ 28. Kxd2 Rh8 29. h6 Kc7 30. Ke3 Kd7 31. Kf4 Bd3 32. Kg5 Rh7 33. Bb4 Be4 34. Rc1 Rh8 35. Bd6 f6+ 36. Kxf6 Rxh6 37. Rc7+ Kd8 38. Rxb7 Rh2 39. Rxa7 Rf2+ 40. Kxe6 Kc8 41. a4 Bf5+ 42. Kxd5 Bd7 43. e6 1-0

[Event "Outaouais-ch B"]
[Site "Gatineau"]
[Date "2007.05.15"]
[Round "4"]
[White "Dallaire, Dominic"]
[Black "Iyamuremye, Gervais"]
[Result "1-0"]
[WhiteElo "1872"]
[BlackElo "1563"]
[PlyCount "75"]
[EventDate "2007.04.24"]
[EventType "swiss"]
[EventRounds "6"]
[EventCountry "CAN"]
[SourceTitle "EXT 2022"]
[Source "ChessBase"]
[SourceDate "2021.10.06"]
[SourceVersion "1"]
[SourceVersionDate "2021.10.06"]
[SourceQuality "1"]

1. e4 e5 2. Nf3 d6 3. Bc4 h6 4. d4 exd4 5. Nxd4 Nf6 6. Nc3 Be7 7. f3 Bd7 8. Be3 a6 9. Qd2 c5 10. Nde2 b5 11. Bd5 Bc6 12. 0-0-0 Qc7 13. g4 Nbd7 14. Nf4 Nb6 15. h4 b4 16. Bxc6+ Qxc6 17. Ncd5 Nbxd5 18. Nxd5 Nxd5 19. exd5 Qa4 20. Kb1 0-0-0 21. g5 h5 22. Rhe1 Qd7 23. Qd3 Kb7 24. f4 g6 25. Re2 Rhe8 26. Rde1 Bf8 27. a3 a5 28. Rf1 Qa4 29. f5 bxa3 30. Rf4 a2+ 31. Ka1 Qd7 32. fxg6 fxg6 33. Qxg6 Re7 34. Qxh5 Bg7 35. Bc1 Rde8 36. Rxe7 Rxe7 37. Kxa2 Kb6 38. Qf3 1-0

[Event "Hull CC-ch C"]
[Site "Gatineau"]
[Date "2007.03.27"]
[Round "3"]
[White "Pilon, Robert"]
[Black "Iyamuremye, Gervais"]
[Result "1-0"]
[WhiteElo "1545"]
[BlackElo "1604"]
[PlyCount "93"]
[EventDate "2007.03.13"]
[EventType "swiss"]
[EventRounds "5"]
[EventCountry "CAN"]
[SourceTitle "EXT 2022"]
[Source "ChessBase"]
[SourceDate "2021.10.06"]
[SourceVersion "1"]
[SourceVersionDate "2021.10.06"]
[SourceQuality "1"]

1. e4 d6 2. d4 e6 3. Nf3 Be7 4. c4 b6 5. Nc3 Bb7 6. Bd3 Nf6 7. 0-0 0-0 8. Re1 h6 9. e5 Nh7 10. Qc2 Ng5 11. Nxg5 Bxg5 12. Ne4 Bxc1 13. Raxc1 Na6 14. a3 Rc8 15. Qe2 dxe5 16. c5 Nb8 17. dxe5 Qd4 18. cxb6 cxb6 19. Rxc8 Rxc8 20. Nd6 Rc7 21. Nxb7 Rxb7 22. Rc1 Qd8 23. Qe4 Rd7 24. Qh7+ Kf8 25. Rc8 Rxd3 26. Rxd8+ Rxd8 27. Qc2 Nc6 28. f4 Na5 29. Kf2 g6 30. b4 Nb7 31. Qc7 Rd2+ 32. Ke3 Rxg2 33. Qxb7 Rxh2 34. Qxa7 h5 35. Kf3 Rh3+ 36. Kg2 Rc3 37. Qxb6 Rxa3 38. b5 Rb3 39. Qd8+ Kg7 40. b6 Rb2+ 41. Kg3 Rb3+ 42. Kh4 Rb1 43. Qd4 Kg8 44. Qc5 Kg7 45. Qc6 Rb4 46. Kg5 Rb1 47. b7 1-0

[Event "Gatineau Monarque blanc"]
[Site "Gatineau"]
[Date "2007.02.06"]
[Round "4"]
[White "Laferriere, Bruno"]
[Black "Iyamuremye, Gervais"]
[Result "1/2-1/2"]
[WhiteElo "1880"]
[BlackElo "1539"]
[PlyCount "123"]
[EventDate "2007.01.16"]
[EventType "swiss"]
[EventRounds "7"]
[EventCountry "CAN"]
[SourceTitle "EXT 2022"]
[Source "ChessBase"]
[SourceDate "2021.10.06"]
[SourceVersion "1"]
[SourceVersionDate "2021.10.06"]
[SourceQuality "1"]

1. e4 b6 2. d4 Bb7 3. Bd3 e6 4. Nf3 c5 5. c3 h6 6. 0-0 Nf6 7. Re1 cxd4 8. cxd4 Bb4 9. Nc3 0-0 10. h3 Qe7 11. a3 Bxc3 12. bxc3 d6 13. a4 Rc8 14. c4 Nfd7 15. Ba3 e5 16. Rc1 Qf6 17. Bb2 Qe7 18. Bb1 Nc6 19. d5 Na5 20. Bd3 Nc5 21. Bf1 Qe8 22. Ra1 Ba6 23. Nd2 Qf8 24. Qf3 Qe8 25. Qd1 Qf8 26. f4 f6 27. f5 Rc7 28. Re3 Bc8 29. Rg3 Bd7 30. Qh5 Kh8 31. Rga3 Qe8 32. Qxe8+ Rxe8 33. Bc3 Rb7 34. Bb4 Rg8 35. Rb1 Rc8 36. Rba1 Rcb8 37. Kf2 g6 38. g4 g5 39. Be2 Kg7 40. Kg3 Be8 41. Nf3 Kh8 42. h4 Rg7 43. hxg5 hxg5 44. Rh1+ Rh7 45. Rxh7+ Kxh7 46. Bxc5 bxc5 47. Kf2 Rb7 48. Nd2 Rb4 49. Ke3 Rxa4 50. Rxa4 Bxa4 51. Kd3 Kg7 52. Kc3 Kf7 53. Nf1 Ke7 54. Ng3 a6 55. Nh5 Bd7 56. Ng7 Ba4 57. Ne6 Kd7 58. Nf8+ Ke7 59. Ne6 Kd7 60. Kb2 Bb3 61. Kc3 Ba4 62. Nf8+ 1/2-1/2

[Event "Gatineau Monarque blanc"]
[Site "Gatineau"]
[Date "2007.01.23"]
[Round "2"]
[White "Iyamuremye, Gervais"]
[Black "Kennedy, Philip"]
[Result "1-0"]
[WhiteElo "1539"]
[BlackElo "1285"]
[PlyCount "115"]
[EventDate "2007.01.16"]
[EventType "swiss"]
[EventRounds "7"]
[EventCountry "CAN"]
[SourceTitle "EXT 2022"]
[Source "ChessBase"]
[SourceDate "2021.10.06"]
[SourceVersion "1"]
[SourceVersionDate "2021.10.06"]
[SourceQuality "1"]

1. e4 c5 2. b3 d6 3. Bb2 e5 4. d3 Nf6 5. Be2 Nc6 6. Nf3 Be7 7. 0-0 0-0 8. Nc3 Be6 9. Ng5 Qd7 10. Nb5 Nd4 11. Bxd4 Qxb5 12. Nxe6 cxd4 13. Nxf8 Kxf8 14. f4 Rc8 15. a4 Qd7 16. h3 Rc6 17. Ra2 Qc7 18. g4 Ke8 19. b4 d5 20. b5 Rc3 21. f5 dxe4 22. dxe4 Rxh3 23. Rf3 Rh4 24. Qd3 Rxg4+ 25. Rg3 Rxe4 26. Rxg7 Qd7 27. b6 a6 28. Bh5 Re1+ 29. Kf2 Re3 30. Bxf7+ Kf8 31. Be6 Rxd3 32. Rf7+ Ke8 33. Bxd7+ Kxf7 34. Be6+ Ke8 35. cxd3 Ng4+ 36. Kf3 Ne3 37. Rh2 Bc5 38. f6 Bxb6 39. Rxh7 Bc5 40. Rxb7 Bd6 41. Rb6 Bc7 42. Rxa6 Nf1 43. Ra8+ Bd8 44. f7+ Ke7 45. Rxd8 Nd2+ 46. Ke2 Kxd8 47. f8Q+ Kc7 48. Kxd2 Kb6 49. Qa8 e4 50. a5+ Kb5 51. dxe4 d3 52. a6 Kb6 53. Qb7+ Kc5 54. a7 Kd6 55. a8Q Kxe6 56. Qd5+ Ke7 57. Qdc6 Kf7 58. Qa7+ 1-0

[Event "Gatineau Nez rouge B"]
[Site "Gatineau"]
[Date "2006.12.05"]
[Round "3"]
[White "Berthiaume, Serge"]
[Black "Iyamuremye, Gervais"]
[Result "0-1"]
[WhiteElo "1168"]
[BlackElo "1538"]
[PlyCount "84"]
[EventDate "2006.11.21"]
[EventType "swiss"]
[EventRounds "5"]
[EventCountry "CAN"]
[SourceTitle "EXT 2022"]
[Source "ChessBase"]
[SourceDate "2021.10.06"]
[SourceVersion "1"]
[SourceVersionDate "2021.10.06"]
[SourceQuality "1"]

1. d4 g6 2. c4 Bg7 3. e4 d6 4. Nf3 Nf6 5. Nc3 0-0 6. Be2 b6 7. d5 c6 8. 0-0 cxd5 9. cxd5 Ba6 10. Nb5 Nxe4 11. Qa4 Nc5 12. Qh4 Bxb5 13. Bxb5 f6 14. Bh6 a6 15. Be2 Nbd7 16. b4 Nb7 17. Rac1 Ne5 18. Nxe5 dxe5 19. Bc4 Nd6 20. Bb3 Qd7 21. Rc6 Nb5 22. d6+ e6 23. Qc4 Bxh6 24. Rd1 Nd4 25. Rxb6 Rfc8 26. Qd3 Nxb3 27. Qxb3 Rcb8 28. Rxb8+ Rxb8 29. a4 Rb6 30. Kf1 Rxd6 31. Rxd6 Qxd6 32. b5 axb5 33. axb5 Qb6 34. Qa4 Bf8 35. Ke2 Bc5 36. Kd3 Bxf2 37. Kc4 Qd4+ 38. Kb3 Qxa4+ 39. Kxa4 Kg7 40. Kb4 Kh6 41. Ka5 Bc5 42. Ka6 e4 0-1

[Event "Gatineau Roger Roy Memorial"]
[Site "Gatineau"]
[Date "2006.11.14"]
[Round "5"]
[White "Scantland, Patrick"]
[Black "Iyamuremye, Gervais"]
[Result "1-0"]
[WhiteElo "1680"]
[BlackElo "1363"]
[PlyCount "32"]
[EventDate "2006.10.17"]
[EventType "swiss"]
[EventRounds "5"]
[EventCountry "CAN"]
[SourceTitle "EXT 2022"]
[Source "ChessBase"]
[SourceDate "2021.10.06"]
[SourceVersion "1"]
[SourceVersionDate "2021.10.06"]
[SourceQuality "1"]

1. e4 e5 2. Nf3 d6 3. Bc4 Be7 4. d4 exd4 5. Nxd4 Bf6 6. c3 Ne7 7. Be3 0-0 8. 0-0 Nbc6 9. f4 Nxd4 10. cxd4 Be6 11. Bd3 Nc8 12. Nc3 c6 13. e5 dxe5 14. fxe5 Bg5 15. Bxh7+ Kxh7 16. Qh5+ Bh6 1-0

[Event "Gatineau Roger Roy Memorial"]
[Site "Gatineau"]
[Date "2006.11.07"]
[Round "4"]
[White "Iyamuremye, Gervais"]
[Black "Chartrand, Jean Bruno"]
[Result "0-1"]
[WhiteElo "1363"]
[BlackElo "1847"]
[PlyCount "27"]
[EventDate "2006.10.17"]
[EventType "swiss"]
[EventRounds "5"]
[EventCountry "CAN"]
[SourceTitle "EXT 2022"]
[Source "ChessBase"]
[SourceDate "2021.10.06"]
[SourceVersion "1"]
[SourceVersionDate "2021.10.06"]
[SourceQuality "1"]

1. e4 Nf6 2. d3 e5 3. Nf3 Nc6 4. a3 d5 5. exd5 Nxd5 6. Be2 Be7 7. 0-0 0-0 8. Nbd2 f5 9. Nb3 Bf6 10. d4 e4 11. Ne1 Nde7 12. Bc4+ Kh8 13. f3 Ne5 14. Be2 0-1